[Event "AUT-chT2 (Women) 1920"]
[Site "Austria"]
[Date "2019.11.17"]
[Round "2.1"]
[White "Unger, Eva"]
[Black "Borek, Jutta"]
[Result "0-1"]
[WhiteElo "1656"]
[BlackElo "2069"]
[PlyCount "90"]
[EventDate "2019.10.12"]
[EventType "team-tourn"]
[EventRounds "3"]
[EventCountry "AUT"]
[SourceTitle "EXT 2022"]
[Source "ChessBase"]
[SourceDate "2021.10.06"]
[SourceVersion "1"]
[SourceVersionDate "2021.10.06"]
[SourceQuality "1"]
[WhiteTeam "Pamhagen (W) III"]
[BlackTeam "Pamhagen (W) II"]
[WhiteTeamCountry "AUT"]
[BlackTeamCountry "AUT"]

1. d4 Nf6 2. c4 e6 3. Nf3 Bb4+ 4. Bd2 c5 5. Bxb4 cxb4 6. e3 d6 7. Nbd2 Nc6 8. Bd3 0-0 9. 0-0 e5 10. d5 Ne7 11. Qc2 h6 12. h3 Nd7 13. Rfe1 f5 14. Bf1 Nc5 15. Nb3 b6 16. Rad1 Bd7 17. Nxc5 bxc5 18. b3 Ng6 19. Kh1 e4 20. Ng1 Ne5 21. f4 exf3 22. Nxf3 Qf6 23. Qf2 a5 24. Nxe5 Qxe5 25. Rc1 a4 26. Bd3 axb3 27. axb3 Ra3 28. Bc2 Re8 29. Qf4 Qf6 30. Rf1 Rf8 31. Kh2 g5 32. Qg3 Qe5 33. Rf3 Qxg3+ 34. Kxg3 Ra2 35. Rf2 Kg7 36. Rcf1 f4+ 37. exf4 Rxf4 38. Bd1 Raxf2 39. Rxf2 Rxf2 40. Kxf2 Bf5 41. Ke3 Kf6 42. g4 Bg6 43. Kf3 Ke5 44. Ke3 Be4 45. Kf2 Kf4 0-1

[Event "AUT-chT (Women) 1819"]
[Site "Austria"]
[Date "2019.03.30"]
[Round "6.1"]
[White "Saler Grafenberger, Elisabeth"]
[Black "Borek, Jutta"]
[Result "0-1"]
[WhiteElo "1907"]
[BlackElo "2056"]
[PlyCount "80"]
[EventDate "2018.11.17"]
[EventType "team-swiss"]
[EventRounds "7"]
[EventCountry "AUT"]
[SourceTitle "CBM 189 Extra"]
[Source "ChessBase"]
[SourceDate "2019.05.31"]
[SourceVersion "1"]
[SourceVersionDate "2019.05.31"]
[SourceQuality "1"]
[WhiteTeam "Steyr (W)"]
[BlackTeam "Pamhagen (W)"]
[WhiteTeamCountry "AUT"]
[BlackTeamCountry "AUT"]

1. c4 c5 2. Nc3 Nf6 3. g3 d5 4. cxd5 Nxd5 5. Bg2 Nc7 6. Nf3 Nc6 7. 0-0 e5 8. d3 Be7 9. a3 0-0 10. Rb1 Be6 11. Qa4 a5 12. Qc2 Rc8 13. Qa4 f6 14. Be3 Qd7 15. Nd2 b5 16. Qd1 Nd4 17. f4 Nf5 18. Bf2 exf4 19. gxf4 a4 20. e4 Nd4 21. f5 Bf7 22. Kh1 Rfd8 23. Rg1 Nc6 24. Bf1 Ne5 25. Rg3 Be8 26. Be2 b4 27. Qg1 Bf8 28. Nd1 Nb5 29. axb4 cxb4 30. d4 Nxd4 31. Bxd4 Qxd4 32. Qxd4 Rxd4 33. Nf3 Nxf3 34. Bxf3 Bd6 35. Rg2 Bf4 36. Nf2 Rc1+ 37. Rg1 Rxg1+ 38. Kxg1 Be3 39. Rd1 Rxd1+ 40. Bxd1 a3 0-1

[Event "AUT-chT (Women) 1819"]
[Site "Austria"]
[Date "2019.01.18"]
[Round "3.1"]
[White "Borek, Jutta"]
[Black "Kimpel, Janine"]
[Result "0-1"]
[WhiteElo "2056"]
[BlackElo "1855"]
[PlyCount "112"]
[EventDate "2018.11.17"]
[EventType "team-swiss"]
[EventRounds "7"]
[EventCountry "AUT"]
[SourceTitle "CBM 189 Extra"]
[Source "ChessBase"]
[SourceDate "2019.05.31"]
[SourceVersion "1"]
[SourceVersionDate "2019.05.31"]
[SourceQuality "1"]
[WhiteTeam "Pamhagen (W)"]
[BlackTeam "Schach ohne Grenzen (W)"]
[WhiteTeamCountry "AUT"]
[BlackTeamCountry "AUT"]

1. c4 e5 2. g3 Nc6 3. Bg2 g6 4. Nc3 Bg7 5. d3 d6 6. e4 Nge7 7. Nge2 0-0 8. 0-0 Be6 9. Nd5 f5 10. exf5 Nxf5 11. Rb1 Rb8 12. b4 Ncd4 13. Nec3 c6 14. Ne3 Rc8 15. Ne4 b6 16. Nxf5 Bxf5 17. Be3 Qd7 18. f3 h6 19. Nf2 Be6 20. Bxd4 exd4 21. f4 d5 22. c5 bxc5 23. bxc5 Rb8 24. Qc2 Qc7 25. Rfe1 Qd7 26. Qa4 Rfe8 27. Rb3 Kh7 28. Reb1 Rxb3 29. Qxb3 Re7 30. Qb4 Bf5 31. Bf1 Qe6 32. Kg2 Qe3 33. Rb2 Qc1 34. Be2 h5 35. h3 h4 36. g4 Re3 37. Nd1 Rg3+ 38. Kh2 Bxd3 39. Qd2 Qxd2 40. Rxd2 Be4 41. Ba6 g5 42. Bf1 gxf4 43. Nf2 Rc3 44. Bd3 Bxd3 45. Nxd3 f3 46. Kg1 Bh6 47. Rd1 Be3+ 48. Kf1 Rc2 49. Ne5 Rh2 50. Nxf3 Rf2+ 51. Ke1 Rxf3 52. Rb1 d3 53. Rb7+ Kg6 54. Rc7 Rf6 55. Rxa7 Bxc5 56. Ra6 Bb4+ 0-1

[Event "EU-chT Seniors"]
[Site "Vienna"]
[Date "2015.07.20"]
[Round "9.18"]
[White "Powell, Lloyd"]
[Black "Borek, Jutta"]
[Result "1/2-1/2"]
[WhiteElo "2107"]
[BlackElo "2056"]
[PlyCount "31"]
[EventDate "2015.07.12"]
[EventType "team-swiss"]
[EventRounds "9"]
[EventCountry "AUT"]
[SourceTitle "EXT 2018"]
[Source "ChessBase"]
[SourceDate "2017.10.13"]
[SourceVersion "1"]
[SourceVersionDate "2017.10.13"]
[SourceQuality "1"]
[WhiteTeam "Gwent Wales"]
[BlackTeam "Austria (W)"]
[WhiteTeamCountry "WLS"]
[BlackTeamCountry "AUT"]

1. d4 Nf6 2. c4 e6 3. g3 Bb4+ 4. Bd2 c5 5. Bxb4 cxb4 6. Nf3 d6 7. Bg2 0-0 8. 0-0 Nc6 9. a3 bxa3 10. Rxa3 Qe7 11. Nc3 Rd8 12. e3 h6 13. h3 Bd7 14. Qd2 b6 15. Qe2 a5 16. Rd1 1/2-1/2

[Event "EU-chT Seniors"]
[Site "Vienna"]
[Date "2015.07.16"]
[Round "5.10"]
[White "Borek, Jutta"]
[Black "Hammar, Bengt Erik"]
[Result "1/2-1/2"]
[WhiteElo "2056"]
[BlackElo "2167"]
[PlyCount "93"]
[EventDate "2015.07.12"]
[EventType "team-swiss"]
[EventRounds "9"]
[EventCountry "AUT"]
[SourceTitle "EXT 2018"]
[Source "ChessBase"]
[SourceDate "2017.10.13"]
[SourceVersion "1"]
[SourceVersionDate "2017.10.13"]
[SourceQuality "1"]
[WhiteTeam "Austria (W)"]
[BlackTeam "Sweden"]
[WhiteTeamCountry "AUT"]
[BlackTeamCountry "SWE"]

1. c4 e5 2. g3 g6 3. Bg2 Bg7 4. Nc3 d6 5. d3 Nc6 6. e4 f5 7. exf5 Bxf5 8. Nge2 Nge7 9. 0-0 Qc8 10. Nd5 0-0 11. Bg5 Rf7 12. Qd2 Be6 13. b4 Nf5 14. b5 Ncd4 15. Nxd4 Nxd4 16. f4 exf4 17. Nxf4 c6 18. Nxe6 Qxe6 19. Rae1 Rxf1+ 20. Kxf1 Qf5+ 21. Kg1 Nf3+ 22. Bxf3 Qxf3 23. Qe3 Qxe3+ 24. Bxe3 cxb5 25. cxb5 a6 26. bxa6 Rxa6 27. Rb1 Rxa2 28. Rxb7 h5 29. Rd7 Re2 30. Bf2 Re6 31. h3 Bf8 32. Kg2 Be7 33. g4 hxg4 34. hxg4 Kf8 35. Bd4 Ke8 36. Rb7 Re1 37. Kf3 Kf7 38. Bf2 Rh1 39. Ke4 Ke6 40. Rb6 Rh2 41. Bd4 Ra2 42. Be3 Ra4+ 43. Kf3 Ra3 44. Ke4 Bd8 45. Rb5 Bc7 46. Rg5 Ra4+ 47. Kf3 1/2-1/2

[Event "EU-chT Seniors"]
[Site "Vienna"]
[Date "2015.07.13"]
[Round "2.21"]
[White "Borek, Jutta"]
[Black "Hall, Raimo"]
[Result "1-0"]
[WhiteElo "2056"]
[BlackElo "1860"]
[PlyCount "105"]
[EventDate "2015.07.12"]
[EventType "team-swiss"]
[EventRounds "9"]
[EventCountry "AUT"]
[SourceTitle "EXT 2018"]
[Source "ChessBase"]
[SourceDate "2017.10.13"]
[SourceVersion "1"]
[SourceVersionDate "2017.10.13"]
[SourceQuality "1"]
[WhiteTeam "Austria (W)"]
[BlackTeam "Helsinki"]
[WhiteTeamCountry "AUT"]
[BlackTeamCountry "FIN"]

1. c4 f5 2. g3 Nf6 3. Bg2 e6 4. Nf3 c6 5. d4 d5 6. 0-0 Bd6 7. Bf4 Bxf4 8. gxf4 0-0 9. e3 Qe7 10. Nbd2 Bd7 11. Ne5 Be8 12. a3 a5 13. c5 Na6 14. Qe1 Ng4 15. Nxg4 fxg4 16. f3 Bh5 17. Qg3 gxf3 18. Nxf3 Bxf3 19. Rxf3 Rf6 20. Kh1 Nc7 21. Rg1 Rg6 22. Qe1 Ne8 23. Rg3 Rxg3 24. Qxg3 Nf6 25. Bf3 Kh8 26. h4 g6 27. Qg5 Re8 28. Rg3 Nd7 29. Rg2 Qxg5 30. hxg5 Kg7 31. Bg4 Re7 32. Rh2 h5 33. gxh6+ Kh7 34. Kg2 Nf6 35. Kg3 Ng8 36. b4 axb4 37. axb4 Nxh6 38. b5 cxb5 39. Rb2 Nf5+ 40. Kf2 Kg7 41. Rxb5 Kf7 42. Ke2 Ke8 43. Kd3 Rd7 44. Rb6 Ke7 45. Rb2 Kf6 46. Bxf5 gxf5 47. Kc3 Ke7 48. Rb6 Rc7 49. Kb4 Rd7 50. Ka5 Kd8 51. Rxe6 Kc7 52. Re5 Kc6 53. Rxf5 1-0

[Event "EU-chT Seniors"]
[Site "Vienna"]
[Date "2015.07.12"]
[Round "1.9"]
[White "Borek, Jutta"]
[Black "Fatalibekova, Elena"]
[Result "1/2-1/2"]
[WhiteElo "2056"]
[BlackElo "2213"]
[PlyCount "65"]
[EventDate "2015.07.12"]
[EventType "team-swiss"]
[EventRounds "9"]
[EventCountry "AUT"]
[SourceTitle "EXT 2018"]
[Source "ChessBase"]
[SourceDate "2017.10.13"]
[SourceVersion "1"]
[SourceVersionDate "2017.10.13"]
[SourceQuality "1"]
[WhiteTeam "Austria (W)"]
[BlackTeam "Russia (W)"]
[WhiteTeamCountry "AUT"]
[BlackTeamCountry "RUS"]

1. c4 c5 2. g3 Nf6 3. Bg2 d5 4. cxd5 Nxd5 5. Nc3 Nb4 6. a3 N4c6 7. d3 e6 8. Nf3 Be7 9. 0-0 0-0 10. Rb1 Nd7 11. d4 a5 12. d5 exd5 13. Nxd5 Nf6 14. Nxe7+ Qxe7 15. Bg5 h6 16. Bxf6 Qxf6 17. Qb3 Qe7 18. e3 Be6 19. Qc3 Rac8 20. Rbd1 b6 21. Rd2 Rfd8 22. Rfd1 Rxd2 23. Rxd2 Rd8 24. h4 Rd6 25. Rxd6 Qxd6 26. Qd2 Qxd2 27. Nxd2 Ne5 28. Bf1 f5 29. Be2 Kf7 30. f4 Nd7 31. e4 fxe4 32. Nxe4 Nf6 33. Nxf6 1/2-1/2

[Event "EU-Cup (Women) 04th"]
[Site "Nova Gorica"]
[Date "1999.07.05"]
[Round "7.1"]
[White "Mashinskaya, Iulia"]
[Black "Borek, Jutta"]
[Result "1-0"]
[WhiteElo "2354"]
[BlackElo "2122"]
[PlyCount "85"]
[EventDate "1999.06.28"]
[EventType "team-swiss"]
[EventRounds "7"]
[EventCountry "SLO"]
[SourceTitle "EXT 2013"]
[Source "ChessBase"]
[SourceDate "2012.11.22"]
[SourceVersion "1"]
[SourceVersionDate "2012.11.22"]
[SourceQuality "1"]
[WhiteTeam "Kazan Alisa (W)"]
[BlackTeam "Carinthia (W)"]
[WhiteTeamCountry "RUS"]
[BlackTeamCountry "AUT"]

1. e4 c5 2. Nf3 Nc6 3. Bb5 e6 4. Bxc6 bxc6 5. d3 Be7 6. 0-0 d6 7. e5 d5 8. Qe2 h5 9. c4 Nh6 10. Nc3 Nf5 11. Na4 Nd4 12. Qd1 Qc7 13. Re1 Qa5 14. Nxd4 cxd4 15. Bd2 Qa6 16. Rc1 Bd7 17. b4 Rb8 18. Qb3 c5 19. b5 dxc4 20. dxc4 Qb7 21. Nb2 h4 22. h3 a6 23. a4 Bc6 24. f3 axb5 25. axb5 Qc7 26. Nd3 Bb7 27. Ra1 0-0 28. Ra7 Ra8 29. Rea1 Rxa7 30. Rxa7 Ra8 31. Qa4 Rxa7 32. Qxa7 f6 33. Ba5 Qc8 34. exf6 gxf6 35. Bb6 Bd6 36. Bxc5 Bb8 37. Qa5 e5 38. Qd2 e4 39. Qh6 exf3 40. Qg6+ Kh8 41. Qxf6+ Kh7 42. Qf7+ Kh6 43. Bxd4 1-0

[Event "AUT-ch (Women)"]
[Site "Vienna"]
[Date "1999.??.??"]
[Round "10"]
[White "Borek, Jutta"]
[Black "Horvath, Maria"]
[Result "1/2-1/2"]
[WhiteElo "2122"]
[BlackElo "2067"]
[PlyCount "58"]
[EventDate "1999.??.??"]
[EventType "tourn"]
[EventRounds "13"]
[EventCountry "AUT"]
[SourceTitle "EXT 2001"]
[Source "ChessBase"]
[SourceDate "2000.11.22"]
[SourceVersion "1"]
[SourceVersionDate "2000.11.22"]
[SourceQuality "1"]

1. c4 e5 2. g3 Nc6 3. Bg2 g6 4. Nc3 Bg7 5. d3 d6 6. e3 Nf6 7. Nge2 Be6 8. Nd5 Qd7 9. Nec3 0-0 10. Nxf6+ Bxf6 11. Ne4 Bg7 12. Ng5 Bf5 13. e4 Be6 14. Nxe6 Qxe6 15. Be3 Nd8 16. h4 h6 17. Qd2 Kh7 18. Bh3 Qe7 19. h5 g5 20. Bf5+ Kh8 21. f4 f6 22. 0-0-0 c5 23. Rdf1 Nc6 24. Rf2 a6 25. Rhf1 b5 26. b3 Nd4 27. Bxd4 cxd4 28. fxg5 fxg5 29. Bg6 bxc4 1/2-1/2

[Event "AUT-ch (Women)"]
[Site "Vienna"]
[Date "1999.??.??"]
[Round "8"]
[White "Borek, Jutta"]
[Black "Krasser, Margit"]
[Result "1-0"]
[WhiteElo "2122"]
[BlackElo "2180"]
[PlyCount "116"]
[EventDate "1999.??.??"]
[EventType "tourn"]
[EventRounds "13"]
[EventCountry "AUT"]
[SourceTitle "EXT 2001"]
[Source "ChessBase"]
[SourceDate "2000.11.22"]
[SourceVersion "1"]
[SourceVersionDate "2000.11.22"]
[SourceQuality "1"]

1. c4 c5 2. g3 Nf6 3. Bg2 Nc6 4. Nc3 e6 5. Nf3 d5 6. cxd5 exd5 7. d4 cxd4 8. Nxd4 Bc5 9. Nxc6 bxc6 10. 0-0 0-0 11. Qc2 Ba6 12. Rd1 Re8 13. e3 Rc8 14. Qa4 Qb6 15. Qf4 Qb4 16. Qxb4 Bxb4 17. Bd2 Bxc3 18. Bxc3 Ne4 19. Rac1 Bb7 20. b4 a6 21. Bd4 a5 22. bxa5 Ra8 23. Bb6 Nd6 24. Bf1 Rec8 25. Bh3 Rf8 26. Bc5 Rfd8 27. Bxd6 Rxd6 28. Rc5 Ba6 29. Rb1 Kf8 30. a4 Ra7 31. Rb6 Be2 32. Rb2 Bf3 33. Bf1 Ke7 34. a6 Kd8 35. h3 h5 36. Kh2 Be4 37. a5 Bf5 38. Rb7 Rxb7 39. axb7 Kc7 40. a6 Rd8 41. Be2 Kb6 42. Ra5 g6 43. Kg2 Bc2 44. Ra2 Bf5 45. Rb2+ Ka7 46. g4 hxg4 47. hxg4 Be6 48. Rc2 d4 49. exd4 Rxd4 50. Kg3 Rd6 51. Bf3 Rd3 52. Rb2 Rb3 53. Rxb3 Bxb3 54. Bxc6 Bc4 55. g5 Bxa6 56. Bd5 Bxb7 57. Bxf7 Be4 58. Kf4 Bc2 1-0

[Event "Frohnleiten op"]
[Site "Frohnleiten"]
[Date "1999.??.??"]
[Round "9"]
[White "Wegerer, Fred"]
[Black "Borek, Jutta"]
[Result "0-1"]
[WhiteElo "2211"]
[BlackElo "2122"]
[PlyCount "80"]
[EventDate "1999.??.??"]
[EventType "swiss"]
[EventRounds "9"]
[EventCountry "AUT"]
[SourceTitle "EXT 2001"]
[Source "ChessBase"]
[SourceDate "2000.11.22"]
[SourceVersion "1"]
[SourceVersionDate "2000.11.22"]
[SourceQuality "1"]

1. d4 Nf6 2. Nf3 e6 3. e3 d5 4. Bd3 c6 5. Nbd2 Nbd7 6. 0-0 Bd6 7. Qe2 0-0 8. e4 dxe4 9. Nxe4 Nxe4 10. Qxe4 g6 11. Bg5 Be7 12. h4 Nf6 13. Qf4 Nd5 14. Qd2 f6 15. Bh6 Rf7 16. c4 Nc7 17. Rad1 Bf8 18. Rfe1 Bxh6 19. Qxh6 Qf8 20. Qf4 c5 21. Qg3 cxd4 22. Nxd4 e5 23. Nb3 Be6 24. f4 exf4 25. Qxf4 Rd8 26. Be2 Rfd7 27. Rxd7 Rxd7 28. Kh1 b6 29. Nd4 Qd6 30. Nxe6 Qxe6 31. c5 Kg7 32. b4 bxc5 33. bxc5 Re7 34. h5 g5 35. Qf2 Qe5 36. Rf1 Nd5 37. Ba6 Ne3 38. Rc1 Ng4 39. Qg1 Qg3 40. h6+ Kxh6 0-1

[Event "Olympiad Women-33"]
[Site "Elista"]
[Date "1998.10.11"]
[Round "12"]
[White "Borek, Jutta"]
[Black "Vilar Lopez, Monica"]
[Result "1/2-1/2"]
[WhiteElo "2100"]
[BlackElo "2115"]
[PlyCount "102"]
[EventDate "1998.09.29"]
[EventType "team-swiss"]
[EventRounds "13"]
[EventCountry "RUS"]
[SourceTitle "CBM 066 Extra"]
[Source "ChessBase"]
[SourceDate "1998.11.06"]
[SourceVersion "1"]
[SourceVersionDate "1998.11.06"]
[SourceQuality "1"]

1. c4 c5 2. g3 g6 3. Bg2 Bg7 4. Nc3 Nc6 5. d3 d6 6. e3 Nf6 7. Nge2 0-0 8. Rb1 Bd7 9. a3 a5 10. 0-0 Rb8 11. f4 Qc8 12. Qd2 Bh3 13. b3 Bxg2 14. Kxg2 e6 15. e4 b6 16. h3 Ne8 17. Bb2 f5 18. exf5 gxf5 19. Nb5 e5 20. Kh2 Rb7 21. Nec3 Nd4 22. Nxd4 cxd4 23. Nd5 Kh8 24. a4 Nf6 25. Nxf6 Bxf6 26. Ba3 Qc6 27. Rbe1 Rg7 28. fxe5 Be7 29. exd6 Bxd6 30. Bxd6 Qxd6 31. Qf4 Qb4 32. Qxd4 Qd2+ 33. Qf2 Qxd3 34. Re3 Qd7 35. Rf3 Qd6 36. Qb2 h5 37. Rf4 Kh7 38. Qd4 Qe6 39. Qd3 Rd7 40. Qf3 Kh6 41. Rh4 Qg6 42. g4 Rd2+ 43. Kh1 Qd6 44. Rxh5+ Kg7 45. Qf4 Qxf4 46. Rxf4 Re8 47. Rhxf5 Re1+ 48. Rf1 Ree2 49. Rb1 Rh2+ 50. Kg1 Rdg2+ 51. Kf1 Rc2 1/2-1/2

[Event "Dresden zt (Women)"]
[Site "Dresden"]
[Date "1998.??.??"]
[Round "6"]
[White "Borek, Jutta"]
[Black "Kizova, Aleksandra"]
[Result "1-0"]
[WhiteElo "2070"]
[BlackElo "2015"]
[PlyCount "171"]
[EventDate "1998.04.28"]
[EventType "swiss"]
[EventRounds "11"]
[EventCountry "GER"]
[SourceTitle "CBM 064 Extra"]
[Source "ChessBase"]
[SourceDate "1998.07.07"]
[SourceVersion "1"]
[SourceVersionDate "1998.07.07"]
[SourceQuality "1"]

1. c4 g6 2. g3 c5 3. Bg2 Bg7 4. Nc3 Nc6 5. e4 e6 6. Nge2 Nge7 7. d3 0-0 8. 0-0 Nd4 9. Rb1 Nec6 10. Nxd4 Nxd4 11. Be3 d6 12. Qd2 Rb8 13. Bh6 Bxh6 14. Qxh6 b5 15. cxb5 Nxb5 16. Ne2 Qf6 17. Qe3 Ba6 18. Rfc1 Rb6 19. f4 Rfb8 20. e5 Qe7 21. b3 Na3 22. Ra1 Rc8 23. Nc3 d5 24. Na4 Rbc6 25. Qd2 R6c7 26. Nb2 Nb5 27. h3 Nd4 28. Kh2 Bb7 29. Qf2 Nb5 30. Na4 d4 31. Bxb7 Rxb7 32. Rc2 Na3 33. Rd2 Nb5 34. Rc1 Rbc7 35. Rdc2 Na3 36. Re2 Nb5 37. Rec2 Na3 38. Rb2 Nb5 39. Qd2 Qd7 40. Qg2 Qd5 41. Rbc2 Qxg2+ 42. Kxg2 Kf8 43. Rxc5 Rxc5 44. Rxc5 Rxc5 45. Nxc5 Nc3 46. a4 Ke7 47. Kf3 h5 48. Ne4 Na2 49. g4 hxg4+ 50. hxg4 Kf8 51. Nc5 Nc3 52. b4 Ke7 53. a5 Nd5 54. b5 Nc3 55. b6 axb6 56. axb6 Kd8 57. Ne4 Nd5 58. b7 Kc7 59. Ng5 Kxb7 60. Nxf7 Kc7 61. Ke4 Kd7 62. Ng5 Nc3+ 63. Kxd4 Ne2+ 64. Ke3 Nc3 65. Kf3 Ke7 66. Ne4 Nd5 67. Ng3 Kd7 68. Ne2 Ke7 69. Ke4 Nb4 70. d4 Kf7 71. Nc3 Nc6 72. d5 exd5+ 73. Nxd5 Ke6 74. f5+ gxf5+ 75. gxf5+ Kf7 76. Nb6 Ne7 77. Nd5 Nc6 78. Nc7 Ke7 79. Kd5 Nd8 80. Nb5 Kf7 81. Nd6+ Ke7 82. Ne4 Kf7 83. e6+ Kf8 84. f6 Nxe6 85. Kxe6 Ke8 86. Nd6+ 1-0

[Event "Dresden zt (Women)"]
[Site "Dresden"]
[Date "1998.??.??"]
[Round "1"]
[White "Kiefhaber, Veronika"]
[Black "Borek, Jutta"]
[Result "1-0"]
[WhiteElo "2225"]
[BlackElo "2070"]
[PlyCount "125"]
[EventDate "1998.04.28"]
[EventType "swiss"]
[EventRounds "11"]
[EventCountry "GER"]
[SourceTitle "CBM 064 Extra"]
[Source "ChessBase"]
[SourceDate "1998.07.07"]
[SourceVersion "1"]
[SourceVersionDate "1998.07.07"]
[SourceQuality "1"]

1. e4 c5 2. c3 e6 3. d4 d5 4. exd5 exd5 5. Be3 c4 6. b3 cxb3 7. axb3 Bd6 8. Bd3 Ne7 9. Qf3 Be6 10. Ne2 Qd7 11. Bf4 Bg4 12. Qe3 Bxf4 13. Nxf4 0-0 14. 0-0 Nbc6 15. Na3 a6 16. Nc2 Bf5 17. Rfe1 Ng6 18. Nxg6 hxg6 19. Qf3 Rfe8 20. Bxf5 Qxf5 21. Qxf5 gxf5 22. Ne3 Ne7 23. Kf1 f4 24. Nc2 Nc6 25. g3 fxg3 26. hxg3 Rxe1+ 27. Nxe1 f6 28. Nd3 Kf7 29. Nc5 Rb8 30. Ke2 a5 31. Kd3 b6 32. Na4 Nd8 33. Nb2 Ne6 34. Nd1 Rh8 35. Ne3 Nc7 36. c4 dxc4+ 37. bxc4 Ra8 38. d5 Na6 39. Rb1 Nc5+ 40. Kd4 Nd7 41. Nf5 g6 42. Nd6+ Ke7 43. Ne4 Rh8 44. Nc3 Rh2 45. Rb2 Rh1 46. Re2+ Kd8 47. d6 Rh5 48. f4 Nc5 49. Nd5 Nd7 50. Re6 Rh1 51. Nxf6 Rd1+ 52. Kc3 Nxf6 53. Rxf6 g5 54. fxg5 Rg1 55. Rf3 Kd7 56. Rd3 Rc1+ 57. Kb3 a4+ 58. Kb4 a3 59. Rxa3 Kxd6 60. g6 Rb1+ 61. Rb3 Re1 62. g7 Re8 63. Rf3 1-0

[Event "Dresden zt (Women)"]
[Site "Dresden"]
[Date "1998.??.??"]
[Round "7"]
[White "Medic, Mirjana"]
[Black "Borek, Jutta"]
[Result "0-1"]
[WhiteElo "2275"]
[BlackElo "2070"]
[PlyCount "94"]
[EventDate "1998.04.28"]
[EventType "swiss"]
[EventRounds "11"]
[EventCountry "GER"]
[SourceTitle "CBM 064 Extra"]
[Source "ChessBase"]
[SourceDate "1998.07.07"]
[SourceVersion "1"]
[SourceVersionDate "1998.07.07"]
[SourceQuality "1"]

1. Nf3 d5 2. d4 c6 3. c4 Nf6 4. Nc3 e6 5. Bg5 Be7 6. e3 Nbd7 7. Rc1 h6 8. Bh4 0-0 9. Bd3 dxc4 10. Bxc4 b5 11. Bd3 Bb7 12. 0-0 a6 13. Bb1 Rc8 14. e4 c5 15. e5 Nd5 16. Bxe7 Nxe7 17. Ne4 c4 18. Nd6 Rb8 19. Nh4 Bd5 20. Rc3 f5 21. Qh5 Nc8 22. Nxc8 Rxc8 23. Rg3 Rf7 24. Qxh6 b4 25. Qh5 Nf8 26. Rh3 g6 27. Qd1 Rh7 28. Nf3 Rxh3 29. gxh3 c3 30. bxc3 Rxc3 31. Bd3 a5 32. Be2 Kg7 33. Qd2 Nh7 34. Ne1 Ng5 35. f3 Nxh3+ 36. Kg2 Qh4 37. Nd3 g5 38. Qe1 Qxe1 39. Rxe1 Rxd3 40. Kxh3 Rxd4 41. Rc1 Rd2 42. Rc7+ Kf8 43. Bb5 Bxf3 44. Kg3 Bd5 45. Rc8+ Kg7 46. Rc7+ Kh6 47. Bf1 Rxa2 0-1

[Event "Vienna op 13th"]
[Site "Vienna"]
[Date "1998.??.??"]
[Round "?"]
[White "Schumi, Manfred"]
[Black "Borek, Jutta"]
[Result "1-0"]
[WhiteElo "2260"]
[BlackElo "2070"]
[PlyCount "69"]
[EventDate "1998.10.25"]
[EventType "swiss"]
[EventRounds "9"]
[EventCountry "AUT"]
[SourceTitle "EXT 2000"]
[Source "ChessBase"]
[SourceDate "1999.11.16"]
[SourceVersion "1"]
[SourceVersionDate "1999.11.16"]
[SourceQuality "1"]

1. e4 c5 2. Nf3 Nc6 3. Nc3 d6 4. d4 cxd4 5. Nxd4 a6 6. Be3 Nf6 7. Be2 e5 8. Nb3 b5 9. a4 b4 10. Nd5 Nxd5 11. exd5 Na5 12. Nxa5 Qxa5 13. 0-0 Be7 14. c4 bxc3 15. bxc3 0-0 16. Rb1 Qxc3 17. Bb6 Bf5 18. Rc1 Qb4 19. a5 Bg5 20. Rc4 Qa3 21. h4 Bd8 22. Qd2 h6 23. Rfc1 Bxb6 24. axb6 Rab8 25. Rb4 a5 26. Rb5 a4 27. b7 Be4 28. Kh2 Bf5 29. Rb4 Bd7 30. Bd1 f5 31. Rc7 Be8 32. Be2 Qa1 33. Rc1 Qa3 34. Rc2 Bd7 35. Ra2 1-0

[Event "AUT-ch (Women)"]
[Site "Gallspach"]
[Date "1997.08.06"]
[Round "10"]
[White "Horvath, Maria"]
[Black "Borek, Jutta"]
[Result "1/2-1/2"]
[WhiteElo "2070"]
[BlackElo "2093"]
[PlyCount "82"]
[EventDate "1997.07.28"]
[EventType "tourn"]
[EventRounds "11"]
[EventCountry "AUT"]
[SourceTitle "EXT 1999"]
[Source "ChessBase"]
[SourceDate "1998.11.16"]
[SourceVersion "1"]
[SourceVersionDate "1998.11.16"]
[SourceQuality "1"]

1. d4 Nf6 2. Nf3 e6 3. Bf4 b6 4. e3 Bb7 5. Nbd2 Be7 6. h3 d6 7. Bd3 Nbd7 8. c3 0-0 9. Qc2 Re8 10. 0-0 Bf8 11. Bg5 h6 12. Bh4 g5 13. Bg3 Bg7 14. Rad1 Qe7 15. e4 Nh5 16. Bb5 a6 17. Bxd7 Qxd7 18. e5 Rad8 19. Bh2 Qc6 20. exd6 cxd6 21. Rfe1 Nf4 22. Bxf4 gxf4 23. Qe4 Qxe4 24. Nxe4 f5 25. Ned2 Bf6 26. Re2 Kf7 27. Rde1 b5 28. Nb3 Be4 29. Nh2 Bd3 30. Rd2 Bc4 31. Nc1 e5 32. d5 e4 33. Rdd1 Re5 34. Ne2 Bxd5 35. Nxf4 Bb7 36. Nf1 Bg5 37. g3 Rg8 38. Kh2 Bxf4 39. gxf4 Re6 40. Ne3 Reg6 41. Rd2 Ke6 1/2-1/2

[Event "AUT-ch (Women)"]
[Site "Gallspach"]
[Date "1997.08.04"]
[Round "8"]
[White "Hohendanner, Sonja"]
[Black "Borek, Jutta"]
[Result "0-1"]
[WhiteElo "1636"]
[BlackElo "2093"]
[PlyCount "102"]
[EventDate "1997.07.28"]
[EventType "tourn"]
[EventRounds "11"]
[EventCountry "AUT"]
[SourceTitle "EXT 1999"]
[Source "ChessBase"]
[SourceDate "1998.11.16"]
[SourceVersion "1"]
[SourceVersionDate "1998.11.16"]
[SourceQuality "1"]

1. d4 Nf6 2. Nf3 d6 3. Bf4 g6 4. e3 Bg7 5. h3 Nbd7 6. Be2 0-0 7. 0-0 h6 8. c4 Nh7 9. Nc3 e5 10. dxe5 dxe5 11. Bh2 Ng5 12. Qc2 f5 13. Kh1 c6 14. Rad1 Qe7 15. a3 Nf7 16. b4 e4 17. Nd4 Nde5 18. c5 g5 19. Rde1 Bd7 20. Rd1 Rae8 21. Na4 g4 22. hxg4 Nxg4 23. g3 Nfe5 24. Nb2 Kh8 25. Kg2 Qg5 26. Qd2 Bc8 27. Rh1 Rd8 28. Qc1 Ng6 29. Bxg4 fxg4 30. Rhf1 Ne5 31. Qc2 Bf5 32. Nxf5 Qxf5 33. Rxd8 Rxd8 34. Rd1 Nd3 35. Nc4 Rf8 36. Rf1 Qf3+ 37. Kg1 Rd8 38. Qd1 Qxd1 39. Rxd1 Rf8 40. Rf1 Be5 41. Na5 Rf7 42. Kg2 Kg7 43. Bg1 Kf6 44. Rb1 Ke6 45. Nb3 Kd5 46. Kf1 Bxg3 47. Ke2 Be5 48. Nd2 h5 49. Nf1 h4 50. Nh2 Bxh2 51. Bxh2 Rxf2+ 0-1

[Event "AUT-ch (Women)"]
[Site "Gallspach"]
[Date "1997.07.31"]
[Round "4"]
[White "Borek, Jutta"]
[Black "Lukan, Dunja"]
[Result "1/2-1/2"]
[WhiteElo "2093"]
[BlackElo "1804"]
[PlyCount "45"]
[EventDate "1997.07.28"]
[EventType "tourn"]
[EventRounds "11"]
[EventCountry "AUT"]
[SourceTitle "EXT 1999"]
[Source "ChessBase"]
[SourceDate "1998.11.16"]
[SourceVersion "1"]
[SourceVersionDate "1998.11.16"]
[SourceQuality "1"]

1. c4 c6 2. g3 d5 3. Bg2 Nf6 4. Nf3 g6 5. b3 Bg7 6. Bb2 0-0 7. 0-0 Bf5 8. d3 dxc4 9. bxc4 Qc8 10. Nbd2 Bh3 11. Rb1 Bxg2 12. Kxg2 c5 13. h3 Rd8 14. Qc2 Nc6 15. a3 Ne8 16. Bxg7 Nxg7 17. Ne4 b6 18. Qd2 Qd7 19. g4 f6 20. Rg1 Nd4 21. Nxd4 Qxd4 22. Rbd1 Qd7 23. e3 1/2-1/2